| 000 | 00578nam a2200217Ia 4500 | ||
|---|---|---|---|
| 005 | 20251122100004.0 | ||
| 008 | 230125s9999 xx 000 0 und d | ||
| 020 | _a978-0-593-33790-5 | ||
| 041 | _aeng | ||
| 082 |
_a158.1 _bWHI |
||
| 100 |
_aWhittaker T _9215453 |
||
| 245 | _aWhat You Think of Me Is None of My Business | ||
| 250 | _a1st Ed. | ||
| 260 |
_c2020 _bPenguin Random House _aHaryana |
||
| 300 | _a207p | ||
| 500 | _aPersonality Development | ||
| 650 |
_aPersonality Development _9213420 |
||
| 700 |
_aWhittaker T _9215453 |
||
| 906 | _b99.75 | ||
| 942 | _cBK | ||
| 999 |
_c96780 _d96780 |
||